000 00629nam a2200193 a 4500
001 000017432
005 20240530073918.0
008 100324s19uu dr 000 f spa d
040 _aDO-SdBNP
_bspa
_cBNPHU
082 _aRD863.44
_bB253j
100 1 _aBarinas Coiscou, Sócrates,
_d1916-2021
_924379
245 1 0 _aJuan sin tiempo :
_bpredestinados de la libertad /
_cSócrates Barinas Coiscou.
260 _a[s.l :
_bs.n,
_c19--?].
300 _a144 p. ;
_c21 cm.
590 _aInventariado, 2020/MFF
650 0 _aNovela dominicana
_9223
650 0 _aLiteratura dominicana.
_967
910 _aValidado. Control de calidad MMOLINA
999 _c16957
_d16957